500 Rock Bands Quiz - Statistics

General Stats
  • This quiz has been taken 2,351 times
    2,315 since last reset
  • The average score is 123 of 500
Answer Stats
Answer Hint % Correct
AC/DC Back In Black
93%
Queen Bohemian Rhapsody
91%
Metallica Enter Sandman
89%
Nirvana Smells Like Teen Spirit
88%
Aerosmith Dream On
86%
Led Zeppelin Stairway to Heaven
84%
The Beatles Come Together
84%
The Rolling Stones Paint It Black
84%
Guns N' Roses Welcome to The Jungle
83%
Black Sabbath Iron Man
82%
Pink Floyd Another Brick in The Wall
81%
Eagles Hotel California
80%
Oasis Wonderwall
80%
Green Day Basket Case
79%
The Police Every Breath You Take
78%
Bon Jovi You Give Love A Bad Name
77%
Radiohead Creep
77%
Linkin Park Numb
76%
Elvis Presley Jailhouse Rock
74%
Lynyrd Skynyrd Sweet Home Alabama
73%
Ozzy Osbourne Crazy Train
73%
The Cranberries Zombie
73%
Jack White Lazaretto
71%
The White Stripes Seven Nation Army
71%
R.E.M. Losing My Religion
70%
The Who Baba O'Riley
70%
Journey Don't Stop Believin'
69%
KISS Detroit Rock City
68%
Blur Song 2
67%
System Of A Down Chop Suey!
67%
Van Halen Jump
67%
Europe Final Countdown
66%
Pearl Jam Even Flow
65%
U2 With or Without You
65%
Billy Joel Uptown Girl
64%
Creedence Clearwater Revival Fortunate Son
64%
Def Leppard Pour Some Sugar on Me
64%
Gorillaz Feel Good Inc
64%
The Beach Boys Good Vibration
63%
The Clash Rock The Casbah
63%
The Doors Riders on The Storm
63%
Blink 182 All The Small Things
62%
Dire Straits Sultan of Swing
62%
Evanescence Bring Me to Life
62%
Joan Jett & The Blackhearts I Love Rock n Roll
62%
The Jimi Hendrix Experience All Along The Watchtower
62%
David Bowie Heroes
61%
Alice Cooper School's Out
60%
Iron Maiden Run to The Hills
60%
Rage Against The Machine Killing In The Name
60%
Weezer Buddy Holly
60%
ZZ Top La Grange
60%
Billy Idol Rebel Yell
59%
Motorhead Ace of Spades
59%
Red Hot Chili Peppers Otherside
59%
Scorpions Rock You Like A Hurricane
59%
The Smashing Pumpkins 1979
59%
Arctic Monkeys Do I Wanna Know
58%
Motley Crue Dr. Feelgood
58%
Elton John Saturday Night's Alright
57%
Kansas Carry On Wayward Son
56%
Rammstein Du Hast
56%
Bob Dylan Like A Rolling Stone
55%
Chuck Berry Johnny B. Goode
55%
Fleetwood Mac Dreams
55%
Heart Barracuda
55%
Nickelback How You Remind Me
55%
Ramones I Wanna Be Sedated
55%
The Killers Somebody Told Me
55%
The Kinks You Really Got Me
55%
Jet Are You Gonna Be My Girl
54%
Talking Heads Psycho Killer
54%
The Cure Just Like Heaven
54%
Blondie Call Me
53%
3 Doors Down Kryptonite
52%
Alice In Chains Them Bones
52%
Blue Oyster Cult Don't Fear The Reaper
52%
Megadeth Symphony of Destruction
52%
Smash Mouth All Star
52%
Tom Petty and The Heartbreakers Free Fallin'
52%
Cream Sunshine of Your Love
51%
Electric Light Orchestra Mr. Blue Sky
51%
Hozier Take Me to Church
51%
Limp Bizkit Behind Blue Eyes
51%
Rush Tom Sawyer
51%
Johnny Cash Ring of Fire
50%
My Chemical Romance Helena
50%
Creed My Sacrifice
49%
Soundgarden Spoonman
49%
Deep Purple Highway Star
48%
Judas Priest Painkiller
48%
Pantera Cowboys From Hell
48%
Korn Twisted Transistor
47%
Slipknot Before I Forget
47%
The Monkees I'm A Believer
47%
The Offspring You're Gonna Go Far, Kid
47%
Duran Duran Hungry Like The Wolf
46%
No Doubt Don't Speak
46%
Twenty One Pilots Stressed Out
46%
Beastie Boys Sabotage
45%
Beck Loser
45%
Vance Joy Riptide
45%
Dio Holy Diver
44%
Don McLean American Pie
44%
Panic! At The Disco High Hopes
44%
Paramore Misery Business
44%
Santana Black Magic Woman
44%
Steppenwolf Born to Be Wild
44%
The Smiths There Is A Light That Never Goes Out
44%
Thin Lizzy The Boys Are Back In Town
44%
Toto Hold The Line
44%
Twisted Sister We're Not Gonna Make It
44%
Yes Owner of A Lonely Heart
44%
Foo Fighters Road To Ruin
43%
Imagine Dragons Believer
43%
Marilyn Manson The Beautiful People
42%
Simon & Garfunkel Bridge Over Troubled Water
42%
Slayer Raining Blood
42%
Van Morrison Brown Eyed Girl
42%
Kings Of Leon Use Somebody
41%
Sex Pistols Pretty Vacant
41%
Boston Smokin'
40%
Foreigner I Want to Know What Love Is
40%
Rob Zombie Dragula
40%
Buddy Holly Peggy Sue
39%
Foster The People Pumped Up Kicks
39%
Nine Inch Nails Closer
39%
Quiet Riot Cum on Fell The Noize
39%
Roy Orbison Oh, Pretty Woman
39%
Whitesnake Is This Love
39%
Fall Out Boy Dance, Dance
38%
Little Richard Tutti Frutti
37%
Meat Loaf I’d Do Anything for Love (But I Won’t Do That)
37%
Hole Celebrity Skin
36%
Janis Joplin Me and Bobby McGee
36%
Stone Temple Pilots Plush
36%
Tool Schism
36%
Alanis Morissette You Oughta Know
35%
Deftones My Own Summer
35%
Joy Division Love Will Tear Us Apart
35%
Steve Miller Band Abracadabra
35%
Iggy Pop The Passenger
34%
Lenny Kravitz Are You Gonna Go My Way
34%
Wings Band on The Run
34%
Bonnie Tyler Holding Out for a Hero
33%
Bush Glycerine
33%
Genesis That's All
33%
Rick Springfield Jessie's Girl
33%
The Strokes Reptilia
33%
Bob Seger Old Time Rock & Roll
32%
Chumbawamba Tubthumping
32%
Muse Plug In Baby
32%
New Order Blue Monday
32%
Pat Benatar Hit Me With Your Best Shot
32%
Poison Unskinny Bop
32%
Weird Al Yankovic Amish Paradise
32%
Disturbed Stricken
31%
Huey Lewis And The News The Power of Love
31%
Sublime Santeria
31%
Sum 41 In Too Deep
31%
The Band The Weight
31%
Audioslave Cochise
30%
Jethro Tull Aqualung
30%
Queens of The Stone Age Go With The Flow
30%
REO Speedwagon Can't Fight This Feeling
30%
Styx Come Sail Away
30%
The All-American Rejects Dirty Little Secret
30%
Warrant Cherry Pie
30%
Anthrax Antisocial
29%
INXS Never Tear Us Apart
29%
Skid Row 18 and Life
29%
Chicago Hard To Say I'm Sorry
28%
Jefferson Airplane Somebody To Love
28%
Pixies Here Comes Your Man
28%
The Allman Brothers Band Ramblin Man
28%
The Cult She Sells Sanctuary
28%
The Velvet Underground Sweet Jane
28%
Asia Heat of The Moment
27%
Grateful Dead Touch of Grey
27%
The Stooges I Wanna Be Your Dog
27%
Third Eye Blind Semi Charmed Life
27%
Avenged Sevenfold Beast and The Harlot
26%
Ratt Round and Round
26%
The Guess Who American Woman
26%
Drowning Pool Bodies
25%
Incubus Drive
25%
Dragonforce Through Fire and Flames
24%
Faith No More Epic
24%
Garbage Only Happy When It Rains
24%
Hall & Oates You Make My Dreams
24%
Jane's Addiction Been Caught Stealing
24%
MGMT Electric Feel
24%
Tame Impala The Less I Know the Better
24%
The Runaways Cherry Bomb
24%
Breaking Benjamin The Diary of Jane
23%
Dead Kennedys Holiday in Cambodia
23%
Foghat Slow Ride
23%
Living Colour Cult of Personality
23%
Nazareth Love Hurts
23%
Rod Stewart Young Turks
23%
Sting Shape of My Heart
23%
Bad Company Feel Like Makin' Love
22%
Bowling For Soup 1985
22%
Florence + The Machine Dog Days Are Over
22%
Barenaked Ladies One Week
21%
Modest Mouse Float On
21%
Skillet Monster
21%
The Black Keys Gold on The Ceiling
21%
T.Rex 20th Century Boy
21%
All Time Low Dear Maria, Count Me In
20%
Cheap Trick Dream Police
20%
Danzig Mother
20%
Mountain Mississippi Queen
20%
Sepultura Roots Bloody Roots
20%
The Darkness I Believe in A Thing Called Love
20%
The Doobie Brothers What a Fool Believes
20%
The Pretenders Don’t Get Me Wrong
20%
White Zombie Thunder Kiss '65
20%
Dave Matthews Band Crash Into Me
19%
Dropkick Murphys I'm Shipping Up to Boston
19%
Elvis Costello Pump It Up
19%
Franz Ferdinand This Fire
19%
Godsmack I Stand Alone
19%
Pierce The Veil King For A Day
19%
Primus Jerry Was a Race Car Driver
19%
Procol Harum A Whiter Shade of Pale
19%
Sonic Youth Teen Age Riot
19%
Steely Dan Do It Again
19%
Stevie Ray Vaughan Pride and Joy
19%
The 1975 Somebody Else
19%
The Black Crowes Hard To Handle
19%
The Presidents of the United States of America Lump
19%
The Stone Roses I Wanna Be Adored
19%
Thirty Seconds To Mars The Kill
19%
Vampire Weekend A-Punk
19%
Violent Femmes Blister in The Sun
19%
Yeah Yeah Yeahs Heads Will Roll
19%
AFI Miss Murder
18%
Arcade Fire The Suburbs
18%
BABYMETAL Gimme Chocolate!!
18%
Bullet for My Valentine Tears Don't Fall
18%
Cannibal Corpse Hammer Smashed Face
18%
Finger Eleven Paralyzer
18%
Matchbox Twenty 3AM
18%
Queensryche Silent Lucidity
18%
The Fratellis Chelsea Dagger
18%
AWOLNATION Sail
17%
Cinderella Nobody's Fool
17%
P.O.D. Youth of The Nation
17%
Roxette The Look
17%
Sweet Fox On The Run
17%
The Everly Brothers All I Have To Do Is Dream
17%
Yellowcard Ocean Avenue
17%
Bring Me The Horizon Drown
16%
Dream Theater Pull Me Under
16%
Eddie Money Two Tickets to Paradise
16%
Five Finger Death Punch Wash It All Away
16%
Kaiser Chiefs I Predict a Riot
16%
Mumford & Sons I Will Wait
16%
Papa Roach Not Listening
16%
Seether Fake It
16%
The Misfits Dig Up Her Bones
16%
311 Down
15%
Bad Religion American Jesus
15%
Gary Numan Cars
15%
Hootie & The Blowfish Only Wanna Be With You
15%
The Cardigans My Favorite Game
15%
The Yardbirds Heart Full of Soul
15%
Wolfmother Joker and The Thief
15%
Greta Van Fleet Highway Tune
14%
L7 Pretend We're Dead
14%
Lamb Of God Laid To Rest
14%
Placebo Every You Every Me
14%
Simple Plan Welcome to My Life
14%
Status Quo Rockin' All Over the World
14%
Ted Nugent Stranglehold
14%
Tenacious D Tribute
14%
The Kooks Naive
14%
The Raconteurs Steady As She Goes
14%
Trapt Headstrong
14%
Velvet Revolver Slither
14%
Ween Ocean Man
14%
A Perfect Circle Judith
13%
Crosby, Stills, Nash & Young Teach Your Children
13%
Staind So Far Away
13%
Stray Cats Rock This Town
13%
The Hives Hate to Say I Told You So
13%
Filter Hey Man, Nice Shot
12%
Gojira Stranded
12%
Grand Funk Railroad Some Kind of Wonderful
12%
Hinder Lips of An Angel
12%
Mastodon Blood and Thunder
12%
Meshuggah Bleed
12%
Mudvayne Happy?
12%
Rise Against Give It All
12%
Stone Sour Through Glass
12%
The Dandy Warhols Bohemian Like You
12%
The Mighty Mighty Bosstones The Impression That I Get
12%
Adam & The Ants Stand and Deliver
11%
Black Veil Brides In The End
11%
Falling In Reverse Bad Girls Club
11%
Good Charlotte The River
11%
KALEO Way Down We Go
11%
Killswitch Engage My Curse
11%
Nightwish The Phantom of The Opera
11%
Opeth Windowpane
11%
Phoenix 1901
11%
Sabaton To Hell and Back
11%
Suicidal Tendencies Institutionalized
11%
The Flaming Lips She Don’t Use Jelly
11%
Black Label Society Stillborn
10%
David Lee Roth California Girls
10%
Grouplove Tongue Tied
10%
Halestorm I Miss The Misery
10%
Interpol Obstacle 1
10%
Jimmy Eat World Pain
10%
Machine Head Davidian
10%
Manic Street Preachers If You Tolerate This Your Children Will Be Next
10%
Mr. Big To Be With You
10%
Ok Go Here It Goes Again
10%
Rasmus In The Shadows
10%
Social Distortion Ball and Chain
10%
Sugar Ray Every Morning
10%
The Edgar Winter Group Frankenstein
10%
A Day to Remember The Downfall of Us All
9%
Ash Girl From Mars
9%
Bloc Party Banquet
9%
Flyleaf I'm So Sick
9%
Hoobastank Same Direction
9%
Joe Satriani Surfing With The Alien
9%
NOFX Linoleum
9%
Rancid Fall Back Down
9%
Silverchair Tomorrow
9%
Siouxsie And The Banshees Spellbound
9%
Taking Back Sunday MakeDamnSure
9%
The Ataris The Boys of Summer
9%
Uriah Heep Easy Livin'
9%
White Lion When the Children Cry
9%
Winger Seventeen
9%
+44 When Your Heart Stops Beating
8%
Airbourne Too Much, Too Young, Too Fast
8%
Cage The Elephant Trouble
8%
Helloween Forever and One
8%
Hollywood Undead Undead
8%
Kasabian Fire
8%
Michael Bolton How Am I Supposed to Live Without You
8%
Molly Hatchet Flirtin' With Disaster
8%
Orgy Blue Monday
8%
Pennywise Bro Hymn
8%
The Sleeping Listen Close
8%
The Used The Taste of Ink
8%
The Vines Get Free
8%
Ugly Kid Joe Everything About You
8%
Amon Amarth Guardians of Asgaard
7%
Dinosaur Jr. Feel The Pain
7%
Helmet Unsung
7%
Dokken In My Dreams
7%
Dope Die MF Die
7%
Lita Ford Close My Eyes Forever
7%
New Found Glory My Friends Over You
7%
Sleeping With Sirens If You Can't Hang
7%
Soulfly Jumpdafuckup
7%
Testament Down For Life
7%
Two Door Cinema Club What You Know
7%
X Ambassadors Renegades
7%
Young The GIant Cough Syrup
7%
Alter Bridge Open Your Eyes
6%
Angels & Airwaves The Adventure
6%
Arch Enemy War Eternal
6%
Asking Alexandria Alone in A Room
6%
Blind Guardian The Bard's Song
6%
Carcass Heartwork
6%
Cradle Of Filth Nymphetamine
6%
Electric Six Danger! High Voltage
6%
Eve 6 Inside Out
6%
Feeder Buck Rogers
6%
Goldfinger Superman
6%
New York Dolls Looking For A Kiss
6%
Primal Scream Movin' on Up
6%
Static X The Only
6%
Steve Vai For The Love of God
6%
Supergrass Caught By The Fuzz
6%
Alkaline Trio Mercy Me
5%
At The Drive-In One Armed Scissor
5%
Black Rebel Motorcycle Club Spread Your Love
5%
Catfish And The Bottlemen Kathleen
5%
Children Of Bodom Bed of Razors
5%
Coheed And Cambria Welcome Home
5%
Feist 1234
5%
HammerFall Hearts on Fire
5%
Ice Nine Kills The American Nightmare
5%
In Flames Only For The Weak
5%
Lacuna Coil Trip The Darkness
5%
Less Than Jake All My Best Friends Are Metalheads
5%
Linked Horizon Shinzo wo Sasageyo!
5%
Lostprophets Rooftops
5%
Sigur Ros Hoppipolla
5%
Silversun Pickups Lazy Eye
5%
Spinal Tap Tonight I'm Gonna Rock You Tonight
5%
The Mars Volta Inertiatic Esp
5%
The Pretty Reckless Going to Hell
5%
The Replacements Can't Hardly Wait
5%
The Struts Body Talks
5%
The Wombats Greek Targedy
5%
Trivium Strife
5%
TV On The Radio Wolf Like Me
5%
All That Remains This Calling
4%
Amaranthe Drop Dead Cynical
4%
Apocalyptica Not Strong Enough
4%
As I Lay Dying My Own Grave
4%
Atreyu Right Side Of The Bed
4%
Bad Brains Sailin' On
4%
Box Car Racer I Feel So
4%
CHVRCHES The Mother We Share
4%
Default Wasting My Time
4%
Enter Shikari Sorry You’re Not a Winner
4%
Epica Cry For The Moon
4%
Fear Factory Shock
4%
HAIM The Wire
4%
In This Moment Whore
4%
I Prevail Bow Down
4%
L.A. Guns The Ballad of Jayne
4%
Metric Help Me I'm Alive
4%
Morbid Angel Immortal Rites
4%
Motionless In White Another Life
4%
Reel Big Fish Sell Out
4%
Suicide Silence You Only Live Once
4%
The Bravery An Honest Mistake
4%
The Subways Rock & Roll Queen
4%
Yngwie Malmsteen Rising Force
4%
Anti-Flag American Attraction
3%
Avantasia Dying For An Angel
3%
blessthefall Hey Baby, Here’s That Song You Wanted
3%
Eagles of Death Metal I Want You So Hard
3%
Generation X Ready Steady Go
3%
Hatebreed I Will Be Heard
3%
Hot Hot Heat Bandages
3%
Klaxons Atlantis To Interzone
3%
KMFDM Megalomaniac
3%
Motion City Soundtrack Everything Is Alright
3%
Senses Fail Calling All Cars
3%
Silverstein My Heroine
3%
Skindred Nobody
3%
Stratovarius Hunting High and Low
3%
The Black Dahlia Murder What a Horrible Night to Have a Curse
3%
The Dillinger Escape Plan Milk Lizard
3%
The Distillers Drain The Blood
3%
Them Crooked Vultures Scumbag Blues
3%
The Von Bondies C'mon C'mon
3%
Vertical Horizon Everything You Want
3%
Within Temptation See Who I Am
3%
You Me At Six Bite My Tongue
3%
zebrahead All My Friends Are Nobodies
3%
Band Of Skulls I Know What I Am
2%
DOROTHY Raise Hell
2%
Edguy Lavatory Love Machine
2%
Firehouse I Live My Life For You
2%
Funeral For A Friend Roses For The Dead
2%
Matchbook Romance Monsters
2%
Memphis May Fire Make Believe
2%
Millencolin Penguins & Polarbears
2%
MxPx Responsibility
2%
Of Mice & Men Would You Still Be There
2%
One OK Rock Wherever You Are
2%
Rev Theory Hell Yeah
2%
Saosin You're Not Alone
2%
Suffocation Pierced From Within
2%
Sugarcult Memories
2%
Suzi Quatro If You Can't Give Me Love
2%
Symphony X Set The World on Fire
2%
The Bouncing Souls True Believers
2%
The Devil Wears Prada Chemical
2%
The Living End Prisoner of Society
2%
Thrice Stare At The Sun
2%
Underoath Reinventing Your Exit
2%
We Are Scientists Nobody Move, Nobody Get Hurt
2%
A Static Lullaby Hang 'Em High
1%
Autopilot Off What I Want
1%
Black Tide Warriors of Time
1%
Burning Brides Heart Full of Black
1%
Dark Tranquillity Misery's Crown
1%
Dethklok Awaken
1%
I See Stars Running With Scissors
1%
Job For A Cowboy Embedded
1%
Protest The Hero Bloodmeat
1%
Reggie And The Full Effect Congratulations Smack + Katy
1%
Rhapsody Of Fire Reign of Terror
1%
Six Feet Under Feasting on The Blood of The Insane
1%
Soilwork Distortion Sleep
1%
Sonata Arctica Fullmoon
1%
The Explosion Here I Am
1%
The Heavy Come With Me Now
1%
The Hunna Bonfire
1%
Unwritten Law Celebration Song
1%
Delain Stardust
0%
Eyes Set To Kill Darling
0%
Madina Lake Never Take Us Alive
0%
Morningwood Nu Rock
0%
Sirenia The Path to Decay
0%
No matching quizzes found
Score Distribution
Percent of People with Each Score
Percentile by Number Answered
Your Score History
You have not taken this quiz since the last reset